LEADER 03118 am 2200517 n 450 001 9910308051103321 005 20180622 010 $a2-7535-6396-9 024 7 $a10.4000/books.pur.59053 035 $a(CKB)4100000007549227 035 $a(FrMaCLE)OB-pur-59053 035 $a(oapen)https://directory.doabooks.org/handle/20.500.12854/53356 035 $a(PPN)234055731 035 $a(EXLCZ)994100000007549227 100 $a20190125j|||||||| ||| 0 101 0 $afre 135 $auu||||||m|||| 181 $ctxt$2rdacontent 182 $cc$2rdamedia 183 $acr$2rdacarrier 200 10$aMiami la cubaine $eGéographie d?une ville-carrefour entre les Amériques /$fViolaine Jolivet 210 $aRennes $cPresses universitaires de Rennes$d2018 215 $a1 online resource (272 p.) 311 $a2-7535-3990-1 330 $a« ?Stoy en la guagua papi, te llamo pa?tras1 ! » Miami la cubaine pourrait commencer ici, à bord du bus 8 reliant le Downtown de Miami à la périphérie ouest de la ville essentiellement habitée par des Cubano-Américains et des Hispaniques. L?accent cubain comme les remaniements de la langue induits par la relation entre des territoires multiples ouvrent ainsi les portes de cette analyse géographique de Miami, ville-carrefour entre les Amériques. S?asseoir dans ces espaces publics en mouvement, frissonner sous la climatisation, intercepter les bribes de conversations, sursauter aux sonneries de téléphone criant le dernier reggaeton, respirer les odeurs d?eau de Cologne et se sentir ailleurs, dans une autre Amérique qui se dessine au contact des deux autres : c?est cette relation entre les Amériques que je présente ici. Partant d?une exception, celle de la montée en puissance des immigrants cubains à la tête de l?agglomération, je présente la transformation radicale de Miami en une ville relationnelle et mondiale, en analysant sa position géographique de carrefour, l?impact des élites cubano-américaines sur son développement et l?ouverture de la ville aux femmes et hommes et capitaux venus du Sud. Miami offre ainsi un exemple singulier d?une ville entre Nord et Sud qui permet de développer trois aspects de la relation à l?échelle urbaine : une analyse des territoires entre mobilités, rapports de pouvoir et dynamiques culturelles. 1. « Je suis dans le bus, je te rappelle (anglicisme I call you back) », le terme de guagua étant particulièrement utilisé dans la Caraïbe. 606 $aGeography 606 $aville 606 $aimmigration 606 $aétude urbaine 606 $amulticulturalisme 610 $aétude urbaine 610 $aville 610 $aimmigration 610 $amulticulturalisme 615 4$aGeography 615 4$aville 615 4$aimmigration 615 4$aétude urbaine 615 4$amulticulturalisme 700 $aJolivet$b Violaine$01300434 701 $aThéodat$b Jean Marie$01298046 801 0$bFR-FrMaCLE 906 $aBOOK 912 $a9910308051103321 996 $aMiami la cubaine$93025539 997 $aUNINA LEADER 01665nam 2200409 450 001 9910715198403321 005 20201204121519.0 035 $a(CKB)5470000002508025 035 $a(OCoLC)1225374229 035 $a(EXLCZ)995470000002508025 100 $a20201204d2020 ua 0 101 0 $aeng 135 $aur||||||||||| 181 $ctxt$2rdacontent 182 $cc$2rdamedia 183 $acr$2rdacarrier 200 10$a2020 Census: Census Bureau needs to ensure transparency over data quality $etestimony before the Committee on Oversight and Reform, House of Representatives /$fstatement of J. Christopher Mihm 210 1$a[Washington, D.C.] :$cUnited States Government Accountability Office,$d2020. 215 $a1 online resource (11 pages) $ccolor illustrations 225 1 $aTestimony ;$vGAO-21-262T 300 $a"For release on delivery, expected at 10 a.m. ET, Thursday, December 3, 2020." 320 $aIncludes bibliographical references. 517 $a2020 Census 606 $aCOVID-19 (Disease)$xPolitical aspects$zUnited States 606 $aTransparency in government$zUnited States 607 $aUnited States$xCensus, 2020$xData processing 607 $aUnited States$xCensus, 2020$xCost effectiveness 615 0$aCOVID-19 (Disease)$xPolitical aspects 615 0$aTransparency in government 702 $aMihm$b J. Christopher 712 02$aUnited States.$bCongress.$bHouse.$bCommittee on Oversight and Reform, 801 0$bGPO 801 1$bGPO 906 $aBOOK 912 $a9910715198403321 996 $a2020 Census: Census Bureau needs to ensure transparency over data quality$93480376 997 $aUNINA